Toronto Raptors Starters of the Last 10 Years - Statistics

General Stats
  • This quiz has been taken 19 times
    7 since last reset
  • The average score is 29 of 78
Answer Stats
Games Year(s) Position Before Raptors Player % Correct
154 2017-18 SG USC DeMar DeRozan
100%
33 2024 PG Los Angeles Lakers Dennis Schroder
100%
268 2019-23 PG/SG Wichita State Fred VanVleet
100%
169 2021-24 SG Portland Trail Blazers Gary Trent Jr.
100%
179 2017, 2023-26 C Traiskirchen Lions (Austria) Jakob Poeltl
100%
167 2017-19 C Lietuvos rytas Vilnius (Lithuania) Jonas Valanciunas
100%
60 2019 SF San Antonio Spurs Kawhi Leonard
100%
307 2017-21 PG Houston Rockets Kyle Lowry
100%
416 2017-24 PF New Mexico State Pascal Siakam
100%
147 2024-26 SG New York Knicks RJ Barrett
100%
77 2026 SF New Orleans Pelicans Brandon Ingram
67%
11 2024 PG Indiana Pacers Bruce Brown
67%
23 2021-22 C/SF Golden State Warriors Chris Boucher
67%
22 2026 PF South Carolina Collin Murray-Boyles
67%
80 2019 SG San Antonio Spurs Danny Green
67%
72 2024-26 SG Kansas Gradey Dick
67%
141 2024-26 PG New York Knicks Immanuel Quickley
67%
23 2025-26 PG Houston Jamal Shead
67%
12 2025-26 SF Ohio State Jamison Battle
67%
3 2019 PG Atlanta Hawks Jeremy Lin
67%
21 2024-25 C Utah Jazz Kelly Olynyk
67%
21 2021-23 PG San Diego State Malachi Flynn
67%
62 2019-20 C Memphis Grizzlies Marc Gasol
67%
96 2017-21 SG UCLA Norman Powell
67%
321 2018-24 SF Indiana OG Anunoby
67%
355 2022-26 PF/SF Florida State Scottie Barnes
67%
177 2017-20 PF/C Orlando Magic Serge Ibaka
67%
8 2021-22 SF Memphis Grizzlies Yuta Watanabe
67%
2 2025 SG Long Island Nets A.J. Lawson
33%
4 2018-19 SF Indiana Pacers C.J. Miles
33%
3 2022-23 PG Nebraska Dalano Banton
33%
6 2018-19 PG Utah Delon Wright
33%
72 2017 SF Atlanta Hawks DeMarre Carroll
33%
1 2022 PF Oklahoma City Blue D.J. Wilson
33%
2 2024 SG New Orleans Pelicans Garrett Temple
33%
2 2022 PG Miami Heat Goran Dragic
33%
2 2019 C Boston Celtics Greg Monroe
33%
1 2024 SF Philadelphia 76ers Jalen McDaniels
33%
18 2025 PF San Francisco Jonathan Mogbo
33%
5 2024 PF Motor City Cruise Jontay Porter
33%
45 2021-22 C Orlando Magic Khem Birch
33%
76 2024-26 SG Utah Jazz Ochai Agbaji
33%
3 2023-24 SF Golden State Warriors Otto Porter Jr.
33%
40 2022-23 C Miami Heat Precious Achiuwa
33%
6 2020 PF Brooklyn Nets Rondae Hollis-Jefferson
33%
5 2022 SF Oklahoma City Thunder Svi Mykhailiuk
33%
8 2020-21 SG Ole Miss Terence Davis
33%
15 2023-24 PF San Antonio Spurs Thaddeus Young
33%
2 2023 SG Washington Wizards Will Barton
33%
2 2021 C Sacramento Kings Alex Len
0%
3 2022 PG College Park Skyhawks Armoni Brooks
0%
31 2021 C Phoenix Suns Aron Baynes
0%
2 2025 C Atlanta Hawks Bruno Fernando
0%
19 2023 C Arizona Christian Koloko
0%
4 2025 C Osceola Magic Colin Castleton
0%
22 2017 PG/SG San Antonio Spurs Cory Joseph
0%
22 2025 PG Sacramento Kings Davion Mitchell
0%
12 2021 SF Atlanta Hawks DeAndre' Bembry
0%
2 2021 PF Memphis Hustle Freddie Gillespie
0%
1 2024 SG Oklahoma City Blue Jahmi'us Ramsey
0%
37 2025-26 SG Baylor Ja'Kobe Walter
0%
2 2021 SG Nevada Jalen Harris
0%
2 2025 SG/SF Charlotte Hornets Jared Rhoden
0%
1 2017 PF Boston Celtics Jared Sullinger
0%
6 2024 PG Windy City Bulls Javon Freeman-Liberty
0%
1 2024 SF Indiana Pacers Jordan Nwora
0%
10 2023 PF Utah Jazz Juancho Hernangomez
0%
9 2017-18 C Estudiantes (Spain) Lucas Nogueira
0%
5 2018, 2020 SF Alba Berlin (Germany) Malcolm Miller
0%
2 2024 C Sioux Falls Skyforce Malik Williams
0%
1 2020 SG Valencia (Spain) Matt Thomas
0%
8 2025 C Sacramento Kings Orlando Robinson
0%
13 2019-20 SF/SG Cleveland Cavaliers Patrick McCaw
0%
8 2017 PF Sacramento Kings Patrick Patterson
0%
2 2021 SF Atlanta Hawks Paul Watson
0%
4 2017 SF Phoenix Suns P.J. Tucker
0%
13 2026 C San Antonio Spurs Sandro Mamukelashvili
0%
13 2021 PF New Orleans Pelicans Stanley Johnson
0%
No matching quizzes found
Score Distribution
Percent of People with Each Score
Percentile by Number Answered
Your Score History
You have not taken this quiz since the last reset